| 000 | 00711nam a2200157 a 4500 | ||
|---|---|---|---|
| 008 | 060605s2005 xx |||||||||||||| || u | ||
| 050 | _aCBU-PG THESIS/MOO | ||
| 100 | _aMoonga, Mason | ||
| 245 | 1 | 4 |
_aThe impact of changes of central government policies on operations of local councils _cMBA thesis supervised by John Lungu |
| 246 | _aa case of Ndola City and Chipata Municipal Councils | ||
| 260 |
_a _bCopperbelt University, School of Business, MBA Programme _c2005 |
||
| 350 | _a0.00 | ||
| 650 | 0 | _aBUSINESS | |
| 650 | _aLOCAL GOVERNMENT--ZAMBIA | ||
| 995 |
_D0.00 _FCBU-MAIN LIBRARY (Kitwe) _H1 _I0.00 _M1 _UAVAILABLE _WJun 5, 2006 _ZUniversity Collection |
||
| 999 |
_c46229 _d46229 |
||